00719nam a2200253 a 4500001001300000003000900013005001700022008004100039020001000080082001500090100001500105245003000120260004200150300000900192500003500201505001000236650002600246650001600272700001500288902000800303942000700311952013000318999001700448nice12345678IN_TiNIC20260116014944.0070702s1977 loua grp 000 0 eng  ac10000a232.8bHIC aHick, John aThe Myth of God Incarnate aLouisvillebWestminister Press c1977 a211p aincludes index and biblioraphy2 aIndex aJesus Christ-Divinity aIncarnation1 aHick, John bSRS cBK 001040708StackRoom-aHMIbHMId2012-08-28g100.00l1o232.8 HICp11001887r2020-03-10s2020-03-03v100.00w2007-07-02yBK c17703d17703